000 00422nam a22001697a 4500
005 20250801153440.0
008 Ost
020 _a9789913994163
040 _aKABLIB
_cKABLIB
_erda
082 _223
_a297.1
_bKAN
100 _aKanyeihamba, G. W.
_912796
245 _aAllah is God /
_cGeorge W. Kanyeihamba
300 _aix, 89 p. ;
_c20 cm.
500 _aIncludes bibliography
650 _aReligion
_94012
942 _2ddc
_cBOOK
999 _c5768
_d5768